|
|
|
|
| LEADER |
00858nam a2200265 a 4500 |
| 001 |
000488364 |
| 003 |
CZ BrMZK |
| 005 |
20011218152151.0 |
| 007 |
ta |
| 008 |
980408s1946 xr f cze d |
| 015 |
|
|
|a cnb000500137
|
| 035 |
|
|
|a (OCoLC)85301199
|
| 040 |
|
|
|a BOA001
|b cze
|
| 100 |
1 |
|
|a Mach, František,
|d 1922-1986
|7 jk01072886
|
| 245 |
1 |
0 |
|a Kamarádi :
|b [Román].
|n Kniha první,
|p Strýc Sokrates /
|c František Mach
|
| 246 |
3 |
0 |
|a Strýc Sokrates
|
| 250 |
|
|
|a Vydání první.
|
| 260 |
|
|
|a Praha :
|b J.R. Vilímek,
|c 1946
|
| 300 |
|
|
|a 309[II] s. ;
|c 8°
|
| 490 |
1 |
|
|a Vilímkova knihovna ;
|v Sv. 373
|
| 500 |
|
|
|a Obálka a úvodní kresba O. Mrkvičky
|
| 830 |
|
0 |
|a Vilímkova knihovna
|0 s
|
| 910 |
|
|
|a BOA001
|b 1-0043.438,373
|
| 990 |
|
|
|a BK
|
| 996 |
6 |
|
|b 2619742118
|c 1-0043.438,373
|l MZK
|r Sklad / do 1 hodiny
|n 3
|w 000488364
|u 000010
|a 1
|e BOA001
|j MZK50
|s P
|